<?xml version="1.0" encoding="UTF-8"?>
<marc:record xmlns:marc="http://www.loc.gov/MARC21/slim">
   <marc:leader>00000nam a2200000 a 4500</marc:leader>
   <marc:datafield ind1="1" ind2=" " tag="100">
      <marc:subfield code="a">Denecke, Gabriele</marc:subfield>
      <marc:subfield code="4">aut</marc:subfield>
      <marc:subfield code="e">Verfasser/-in</marc:subfield>
   </marc:datafield>
   <marc:datafield ind1="1" ind2=" " tag="100">
      <marc:subfield code="a">Denis, Moritz</marc:subfield>
      <marc:subfield code="4">aut</marc:subfield>
      <marc:subfield code="e">Verfasser/-in</marc:subfield>
   </marc:datafield>
   <marc:datafield ind1="1" ind2=" " tag="100">
      <marc:subfield code="a">Rust, Mathias</marc:subfield>
   </marc:datafield>
   <marc:datafield ind1="0" ind2="0" tag="245">
      <marc:subfield code="a">Der Kremlflieger &#x96; Mathias Rust und die Landung auf dem Roten Platz</marc:subfield>
   </marc:datafield>
   <marc:datafield ind1="0" ind2="0" tag="245">
      <marc:subfield code="c">Protagonist: Mathias Rust; Drehbuch: Gabriele Denecke; Regie: Gabriele Denecke; Musik: Moritz Denis; Produktion: Christian Beetz, Anahita Nazemi</marc:subfield>
   </marc:datafield>
   <marc:datafield ind1=" " ind2="1" tag="264">
      <marc:subfield code="a">Potsdam</marc:subfield>
      <marc:subfield code="b">filmwerte GmbH</marc:subfield>
      <marc:subfield code="c">2022</marc:subfield>
   </marc:datafield>
   <marc:datafield ind1="1" ind2=" " tag="520">
      <marc:subfield code="a">Der 19-jährige Mathias Rust aus Wedel bei Hamburg startet 1987 in Hamburg-Fuhlsbüttel in einer gemieteten Cessna und überfliegt die bis dahin scheinbar unüberwindbare Grenze im Osten. Er landet das einmotorige Flugzeug unmittelbar neben dem Roten Platz in Moskau. Sein Husarenstück wird zur Blamage für das sowjetische Militär.</marc:subfield>
   </marc:datafield>
   <marc:datafield ind1=" " ind2=" " tag="300">
      <marc:subfield code="a">1 Online-Ressource (45 min), Bild: 1,85:1 HD</marc:subfield>
   </marc:datafield>
</marc:record>
